00429nam a2200157Ia 4500008004100000020001500041082001800056100002500074245004000099250000700139260004000146300002400186500001900210600002700229650001500256240925s9999 xx 000 0 und d a082470777x a621.38254 KOL aKolawole ,Michael O. 0aSatellite Communication Engineering aNA aNew York:bMarcel Deker incc,2002. a281p.bN.AfPirated aIncludes Index aElectronic Engineering aTechnology